Buteurs français en Ligue des Champions (2025-2026) - Statistiques

Statistiques générales
  • Ce quiz a été pris 221 fois
    22 depuis la dernière actualisation
  • Le résultat moyen est 17 sur 24
Statistiques - réponses
Club Buteur Buts % Correct
Atletico Madrid Antoine Griezmann 2
100%
PSG Désiré Doué 5
100%
Juventus Khephren Thuram 1
100%
Real Madrid Kylian Mbappé 15
100%
Inter Milan Marcus Thuram 2
100%
Bayern Munich Michaël Olise 5
100%
PSG Ousmane Dembélé 7
100%
Manchester City Rayan Cherki 3
100%
PSG Bradley Barcola 2
95%
Tottenham Randal Kolo Muani 4
95%
Liverpool Hugo Ekitiké 3
90%
FC Barcelone Jules Koundé 2
90%
Real Madrid Aurélien Tchouaméni 1
86%
Liverpool Ibrahima Konaté 1
86%
Real Madrid Eduardo Camavinga 1
81%
AS Monaco Maghnes Akliouche 1
67%
PSG Senny Mayulu 2
62%
Chelsea Malo Gusto 1
57%
Galatasaray Sacha Boey 1
33%
Tottenham Wilson Odobert 1
19%
Bayern Munich Dayot Upamecano 1
10%
Club Bruges Mamadou Diakhon 2
10%
Qarabağ Abdellah Zoubir 1
5%
Inter Milan Andy Diouf 1
5%
Aucun quiz correspondant
Distribution des résultats
% des personnes avec chaque résultat
Percentile par nombre de réponses
Votre historique - résultats
Vous n’avez pas pris ce quiz depuis la dernière actualisation